000
00250nam a2200097 a 4500
005
20201002034450.0
008
130911s2004 000 spa d
245
0
_a
Novelas escogidas de voltaire.
260
_a
Paris--,
_c
s. f.-- 387 p.
999
_c
40393
_d
40393
040
_a
DO-SdBNP